| 000 | 00920nam a2200253Ia 4500 | ||
|---|---|---|---|
| 003 | OSt | ||
| 005 | 20220926021701.0 | ||
| 006 | a|||||r|||| 00| 0 | ||
| 007 | ta | ||
| 008 | 220923b |||||||| |||| 00| 0 eng d | ||
| 020 | _a9211614902 | ||
| 037 | _cGeneral Book | ||
| 040 |
_aRTL _cRTL _beng |
||
| 041 |
_2eng _aeng |
||
| 082 | _aU:(X,26177)g, P6 /UN | ||
| 100 | _aUNITED NATIONS | ||
| 110 |
_aUNITED NATIONS, ECONOMIC AND SOCIAL AFFAIRS (Deptt. of-), STATISTICS DIVISION _9326629 |
||
| 245 | 0 |
_aManual for the national standardization of geographical names _b United Nations group of experts on geographical names |
|
| 260 |
_aNew York _bUnited Nations _c2006 |
||
| 300 |
_ax,169p _ccm. |
||
| 700 |
_aUNITED NATIONS, ECONOMIC AND SOCIAL AFFAIRS (Deptt. of-), STATISTICS DIVISION _9326630 |
||
| 942 |
_hU:(X,26177)g, P6 /UN _cGB _2CC |
||
| 999 |
_c637396 _d637396 |
||